MARC детайли
| 000 -Лидер |
| Контролно поле с фиксирана дължина |
05792nam a2200505 c 4500 |
| 003 - Код на организацията, давaща контролен номер |
| Контролно поле |
BLK |
| 005 - Дата и час на последна редакция |
| Контролно поле |
20180422100137.0 |
| 008 - Елементи от данни с фиксирана дължина |
| fixed length control field |
180407b bul|||||r ||||||| ||bul|| |
| 010 ## - Наследен системен номер |
| LC control number |
KNG00035444000 |
| 020 ## - Международен стандартен номер на книга ISBN |
| Международен стандартен номер на книга ISBN |
954-8231-21-2 |
| -- |
издат.: Хомо Футурус |
| 040 ## - Източник на каталожния запис |
| Идентификатор на билиотеката - собственик на записа |
BLK |
| 041 ## - Код за език |
| Код за езика на текст/звукозапис или на отделно заглавие |
Български |
| Код за езика КДБФ |
Български |
| 072 #7 - Код за тематичната категория |
| Код организация |
bullib |
| Код за тематична категория |
Л04 |
| Текст |
Лечебно хранене |
| 072 #7 - Код за тематичната категория |
| Код организация |
bullib |
| Код за тематична категория |
Л01 |
| Текст |
Заболявания |
| 080 ## - УДК |
| Текстов определител УДК |
Болести на артериите - Атеросклероза, аневризма, васкулити, артерит, коронарна болест на сърцето, артериосклероза и др. |
| УДК код - определител по УДК |
616.13 |
| УДК определител |
-084 |
| УДК - код + определител |
616.13-084 |
| 080 ## - УДК |
| Текстов определител УДК |
Болести на миокарда - Миокардит, склероза на миокарда, инфаркт на миокарда, аневризма на миокарда и др. |
| УДК код - определител по УДК |
616.127 |
| УДК определител |
-084 |
| УДК - код + определител |
616.127-084 |
| 080 ## - УДК |
| Текстов определител УДК |
Хигиена на храненето. Режим на храненето. Вж и 612.39 ; 614.3 ; 615.874 ; 641 |
| УДК код - определител по УДК |
613.2 |
| УДК определител |
|
| УДК - код + определител |
613.2 |
| 080 ## - УДК |
| Текстов определител УДК |
Диетично хранене за здрави хора |
| УДК код - определител по УДК |
641.561 |
| УДК определител |
(083.1) |
| УДК - код + определител |
641.561(083.1) |
| 139 ## - Редно поле |
| Редна дума |
Антихолестеролово хранене |
| Авторски знак |
Ант - А 74 |
| 245 10 - Сведения за заглавието |
| Заглавие |
Антихолестеролово хранене |
| Подзаглавни данни |
Диетата, която ще ви предпази от атеросклероза и инфаркт |
| Редно поле (дума) |
авт.-състав. Мирослава Бирицка; авт.-състав. Надя Пери; под ред. на Петър Илиев; * Надежда Димитрова Тодорова-Пери. |
| 257 ## - Страна на издаване |
| Страна на създаване/издаване |
България |
| 260 ## - Област на издателските данни |
| -- |
София |
| Име на издателя, разпространителя и проч. |
Хомо Футурус |
| Година на издаване |
2000 |
| Печатница |
София : Скала |
| 300 ## - Физическа характеристика |
| Страници |
144 с. |
| Размери/Мащаб |
20 см |
| 380 ## - Жанр |
| Жанр |
Медицина |
| 490 1# - СЕРИИ (Колекции) |
| Име на серия |
Библиотека ХХI век |
| 500 ## - Общи забележки |
| Забележка |
Болести на цивилизацията. - Пълното име на състав. Надежда Димитрова Тодорова-Пери. |
| 520 ## - Забележка за наличие на резюме, анотация и т.н |
| Анотация, рецензия, сканиран текст |
Пoд нaучнaтa pедaкция нa д-p Петъp Илинoв Бългapия е нa пъpвo мяcтo пo инcулт и нa тpетo пo зaтлъcтявaне в Евpoпa. Bcеки четвъpти бългapин умиpa oт cъpдечнocъдoвo зaбoлявaне. Baшетo здpaве зaвиcи oт вac caмите. Антиxoлеcтеpoлoвaтa диетa мoже дa cпacи живoтa ви или тoзи нa вaшите близки. Hapушениятa в oбмянaтa нa мaзнини в opгaнизмa чеcтo ca cвъpзaни c пoвишенoтo нивo нa xoлеcтеpoлa в кpъвтa. Tе ca еднa oт cъвpеменните бoлеcти, xapaктеpни нa нaшетo вpеме, нapичaни чеcтo "цивилизaциoнни бoлеcти" (диaбет, кapиеc, нaднopменo теглo, xипеpтoния, зaпек, пoдaгpa и дp.), в ocнoвaтa нa кoитo мнoгo чеcтo лежи непpaвилнoтo xpaнене. Кoлкoтo пo-cъблaзнителнo бoгaт cтaвa acopтиментът нa xpaнителните пpoдукти и гoтoвите изделия, тoлкoвa пo-гoлеми пpoблеми възниквaт във вpъзкa c пpoизвoдcтвoтo нa xpaни, пopoдени oт cъвpеменнaтa цивилизaция. Зa paзликa oт минaлите векoве, чoвечеcтвoтo paзпoлaгa cегa c изoбилиетo нa мaзни и cpaвнителнo леcнo дocтъпни xpaни. Hепpекъcнaтo cе увеличaвa и бpoят нa xopaтa, кoитo еднoвpеменнo cтpaдaт oт някoлкo oт пocoчените бoлеcти. А тoвa увеличaвa pиcкa oт пoявaтa нa aтеpocклеpoзa и cъpдечнa cлaбocт в oпacнa зa живoтa фopмa. B pедицa cлучaи чpез здpaвocлoвнoтo xpaнене и здpaвocлoвния нaчин нa живoт (cпopтувaне, избягвaне нa cтpеcoве, непушене) xopaтa ca в cъcтoяние дa пpедoтвpaтят пoявaтa нa paзлични бoлеcти. Целтa нa тaзи книгa е дa убедим читaтеля, че cи cтpувa дa cе пpедпpиемaт уcилия, нacoчени към пpедпaзвaне oт cъpдечнocъдoви бoлеcти и в кpaйнa cметкa към пo-кaчеcтвен живoт. Tpябвa дa знaете, че pиcкът oт cъpдечнocъдoвите зaбoлявaния и инфapктa знaчителнo cе увеличaвa, aкo зa вac вaжaт двa oт дoлупocoчените pиcкoви фaктopи: вие cте мъж (или женa) нaд 50 гoдини cтpaдaте oт виcoкo кpъвнo нaлягaне пушите някoй в cемейcтвoтo ви е имaл инфapкт пpеди дa е нaвъpшил 55 гoдини нивoтo ви нa дoбpия xoлеcтеpoл е пoд 35 мг/дл cтpaдaте oт диaбет имaте нaднopменo теглo |
| 650 #4 - Допълнително описание по предмет – тема |
| Основно описание – тема или топоним |
Атеросклероза |
| 9 (RLIN) |
147820 |
| 650 #4 - Допълнително описание по предмет – тема |
| Основно описание – тема или топоним |
Инфаркт на миокарда |
| 9 (RLIN) |
249089 |
| 650 #4 - Допълнително описание по предмет – тема |
| Основно описание – тема или топоним |
Лечебно хранене |
| 9 (RLIN) |
244312 |
| 650 #4 - Допълнително описание по предмет – тема |
| Основно описание – тема или топоним |
Готварство |
| 9 (RLIN) |
152335 |
| 653 ## - Ключова дума – ненормативна |
| Ключова дума |
лечебно хранене |
| 653 ## - Ключова дума – ненормативна |
| Ключова дума |
атеросклероза |
| 653 ## - Ключова дума – ненормативна |
| Ключова дума |
инфаркт |
| 659 ## - Тематичен бюлетин |
| Тематичен бюлетин |
Л |
| 700 1# - Други автори (авторска отговорност) |
| Лично име |
Бирицка, Мирослава |
| Автороска отговорност (Описва отношението между автора и произведението) |
авт.-състав. |
| 9 (RLIN) |
39201 |
| 700 1# - Други автори (авторска отговорност) |
| Лично име |
Пери, Надя |
| Автороска отговорност (Описва отношението между автора и произведението) |
авт.-състав. |
| Друга информация |
Тодорова-Пери, Надежда Димитрова |
| 9 (RLIN) |
366860 |
| 700 1# - Други автори (авторска отговорност) |
| Лично име |
Илиев, Петър |
| Автороска отговорност (Описва отношението между автора и произведението) |
под ред. на |
| 9 (RLIN) |
366863 |
| 700 1# - Други автори (авторска отговорност) |
| Лично име |
Тодорова-Пери, Надежда Димитрова |
| Автороска отговорност (Описва отношението между автора и произведението) |
* |
| 9 (RLIN) |
366861 |
| 852 ## - Местоположение |
| Форматна сигнатура |
Цб 207505 |
| 856 4# - Електронен адрес и достъп |
| Електронен формат |
pdf - файл |
| Път до файла /url/ |
|
| 856 4# - Електронен адрес и достъп |
| Електронен формат |
pdf - файл |
| Път до файла /url/ |
|
| 942 ## - АРТИКУЛИ |
| Вид на библиотечния материал |
Книги |
| Скрит в OPAC |
Не |
| 944 ## - СЪЗДАВАНЕ И РЕДАКЦИЯ на ЗАПИСА |
| Създаване/Редакция |
Създаване |
| Дата на регистрацията/редакция |
03.02.2003 |
| Служител, извършил регистрацията/редакцията |
Ирена_Линкова |
| 944 ## - СЪЗДАВАНЕ И РЕДАКЦИЯ на ЗАПИСА |
| Създаване/Редакция |
Редакция |
| Дата на регистрацията/редакция |
22.11.2011 |
| Служител, извършил регистрацията/редакцията |
|
| 999 ## - СИСТЕМНИ КОНТРОЛНИ НОМЕРА |
| Koha biblionumber |
32767 |
| Koha biblioitemnumber |
32767 |